Statistics for Legend of Zelda: Skyward Sword

Click here to take the quiz!

General Stats

  • This quiz has been taken 1,568 times
    (1,566 since last reset)
  • The average score is 8 of 15

Answer Stats

HintAnswer% Correct
Main Hero of the GameLink
99%
Person you're trying to saveZelda
92%
Your rivalGroose
74%
The final boss of the gameDemise
72%
Number of dragons that you encounter in game4
70%
The guardian birds of SkyloftLoftwings
63%
Protector of the GoddessImpa
60%
Your main enemy throughout the gameGhirahim
59%
Flies around in a floating shopeBeedle
49%
Name of the first region you descend intoFaron Woods
49%
Song that Zelda plays on the day of the Wing CeremonyBallad of the Goddess
43%
The robot who carries things for youScrapper
32%
Gives you the Hylian ShieldLanayru
25%
"Demon" of SkyloftBatreaux
21%
Keeps escaping his sealThe Imprissoned
3%

Score Distribution

Percentile by Number Answered

Percent of People with Each Score

Your Score History

You have not taken this quiz since the last reset